000 00275nam a2200133Ia 4500
100 _aWilson/Frank/W.
942 _cBK
654 _aHand Book
245 _aTool Engineers Hand Book
260 _bMcGraw Hill
_c2001
082 _a621.9
300 _a2288
546 _aENGLISH
999 _c20210
_d20210